[Event "FIDE GP"]
[Site "Moscow"]
[Date "2002.06.02"]
[Round "2.1"]
[White "Kasimdzhanov, Rustam"]
[Black "Khalifman, Alexander"]
[Result "1/2-1/2"]
[WhiteElo "2674"]
[BlackElo "2698"]
[Annotator "Wells,P"]
[PlyCount "92"]
[EventDate "2002.06.01"]
[EventType "k.o. (rapid)"]
[EventRounds "5"]
[EventCountry "RUS"]
[SourceTitle "CBM 090"]
[Source "ChessBase"]
[SourceDate "2002.09.20"]
[SourceVersion "1"]
[SourceVersionDate "2002.09.20"]
[SourceQuality "1"]

1. e4 {This might seem an unlikely game to make notes to since not a great
deal happens to break the general air of peace and equilibrium. I just thought
that black's handling of the opening seemed very sensible, and merited some
light comments.} e5 2. Nf3 Nc6 3. Bb5 a6 4. Ba4 Nf6 5. O-O Be7 6. Re1 b5 7. Bb3
O-O 8. a4 {As a practical weapon for avoiding the theoretical nightmare of the
Marshall Gambit and still keeping reasonable chances of a pull, the enduring
allure of the text is no mystery.} Bb7 9. d3 d6 10. Nbd2 {More flexible than
the older main line 10 Nc3, this is Garry Kasparov's favourite, and came into
sharp focus when he decided not to contest Nigel Short's Marshall preparation
in their 1993 World Championship match.} Nd7 {The main line, also Short's
choice. I don't much care for the 'numerical main line'} (10... Na5 11. Ba2 c5
12. Nf1 {although the very specific and precise sequence which Miskey Adam's
recently defended is clearly worthy of attention} b4 ({There are on the other
hand too many dire warning miniatures to show how with a few imprecisions on
black's part white's initiative can easily turn nasty. One with high class
combatants:} 12... Re8 13. Ne3 g6 $6 {[%csl Rf7,Rh6]} 14. Bd2 $1 b4 15. Ng5 {
The point. Normally this would be answered with ...d5. but here that would
reveal a plethora of weak spots, the most serious of which is the black king}
Rf8 (15... d5 16. exd5 Nxd5 17. Nxf7 $1 Kxf7 18. Qf3+ Ke6 19. Nxd5 Bxd5 20.
Rxe5+ $1 Kxe5 21. Re1+ Kd6 22. Bf4+ Kc6 23. Re6+ $18) 16. Ng4 Nxg4 17. Qxg4 Bc8
18. Qh4 {[%csl Rd5,Rf7,Rh7]} h5 19. Qg3 $1 Kg7 20. Bd5 Rb8 21. h4 Qd7 22. Qe3
$1 Bb7 23. Nh7 $1 Bxd5 24. Qh6+ Kg8 25. Bg5 Bxe4 {1-0 Kasparov,G-Vladimirov,E/
Batumi 2001/CBM 86 no vc (25)}) 13. Ne3 Rb8 14. Nd2 Bc8 {An efficient
reorganisation.} 15. Bc4 $5 {Interesting. Although the knight on d2 is well
placed to prevent the 'burying' of this bishop with ...b3 which is known to
theory in many such positions, this treatment is unusual. White gets some
pressure to compensate for the bishop pair. Whether he gets anything concrete
is up for debate.} Nxc4 16. dxc4 Be6 17. b3 {White's structure bares
comparison with one often reached from early ...Na5 lines of the 3 Bc4 Vienna,
but here the d6 pawn is a more permanent headache for black.} Rb7 18. Rf1 Nd7
19. Qe2 Nb8 20. Nd5 Nc6 21. Bb2 Bg5 22. Rad1 a5 23. f4 exf4 24. Nxf4 Bxf4 25.
Rxf4 f6 26. Nf1 Re8 27. Ne3 Rbe7 28. Qd2 Rd7 {Svidler,P (2686)-Adams,M (2731)
FIDE WCh KO Moscow RUS 2001 (4.5) 1/2 and black's position is satisfactory.}) (
10... Qd7 $5 {is interesting, and seems to be popular among English players.
One example:} 11. c3 Rfe8 12. Nf1 h6 13. Ne3 Nd8 14. Nf5 Bf8 15. N3h4 Kh8 16.
axb5 axb5 17. Rxa8 Bxa8 18. Qf3 Ng8 19. Ne3 Ne6 20. Nhf5 Nc5 21. Bc2 g6 22. Nh4
Bg7 23. Nd5 {Zhang Zhong (2657)-Hebden,M (2567) Hastings 2001 (4) 1/2 and
perhaps white still enjoys a light initiative.}) 11. c3 Nc5 12. axb5 {Safer,
rather less ambitious, but nonetheless overall I think rather a better move
than} (12. Bc2 {which allows black to change the nature of the play quite
drastically with} Nxa4 13. Bxa4 bxa4 14. Qxa4 Kh8 $1 {[%cal Gf7f5,Gb7g2] Now
if white plays slowly black will obtain serious counterplay on the light
squares and the f-file with ...f5, therefore} 15. d4 $1 exd4 16. cxd4 d5 $1 ({
rather than} 16... a5 17. d5 Nb4 18. Nd4 Bf6 19. N2f3 {which seems, on the
basis of this evidence and known ideas from the ...Nd7/Bf6 variation of the
main line Closed Spanish to be asking a lot of the position.} Re8 20. Bd2 Nd3
21. Re3 Nc5 22. Qc2 a4 23. Rc1 Qd7 24. Bb4 $1 {[%csl Rb7,Rc6,Rc7] and the
knight is not secure on c5, and black's position is full of weaknesses} Bxd4
25. Nxd4 c6 26. dxc6 Bxc6 27. Nxc6 Qxc6 28. e5 Qb7 29. exd6 Qxb4 {1-0 Kalinin,
A-Zaitsev,I/Moscow 2002/CBM 88_01 (29)}) 17. e5 Nb4 18. Nf1 a5 19. Bd2 c5 $5 (
19... Bc6 20. Qb3 a4 $132) 20. Bxb4 axb4 21. Qb5 Qc7 22. dxc5 Rxa1 23. Rxa1
Bxc5 24. Rc1 $14 {Kalinin,A (2512)-Zaitsev,I (2444) Moscow Aeroflot op 2002 (6)
1-0}) 12... axb5 13. Rxa8 Bxa8 14. Bc2 Ne6 $5 {I like the idea of getting
straight on with the ...Ne6-g5 plan. The best illustration of the dangers
which black can face here is still Kasparov's fine exposition back in 1993. I
remember this game left me just faintly fearful of this line for years to come!
} (14... Bf6 15. b4 Ne6 16. Nf1 Bb7 17. Ne3 g6 18. Bb3 Bg7 19. h4 $1 Bc8 20. h5
Kh8 (20... Ne7 {was better, to cover d5.}) 21. Nd5 {[%cal Yh5h6]} g5 {an
unfortunate concession.} 22. Ne3 Nf4 23. g3 Nxh5 24. Nf5 Bxf5 25. exf5 Qd7 26.
Bxg5 h6 27. Nh4 $1 Nf6 28. Bxf6 Bxf6 29. Qh5 Kh7 30. Ng2 Ne7 31. Ne3 Ng8 32. d4
exd4 33. cxd4 Bxd4 34. Ng4 Kg7 35. Nxh6 Bf6 36. Bxf7 {1-0 Kasparov,G-Short,N/
London (m/7) 1993 (36)}) 15. Nf1 Ng5 $146 {Strange. A very natural move, but
here a novelty.} 16. Ng3 $6 {But this is strange. Surely} (16. Ne3 $1 {[%cal
Ye3d5] is normal and best.}) 16... g6 (16... Nxf3+ 17. Qxf3 Bg5 {also looks
legitimate enough.}) 17. b4 Nxf3+ 18. Qxf3 Bg5 19. Bb3 Bxc1 20. Rxc1 Qg5 21.
Ra1 {[%csl Rf7]} Bb7 22. Nf1 {and back again. Hence the doubts about Ng3.} Kg7
23. Bd5 Qf6 24. Qe2 Rb8 25. Ne3 h5 $1 {[%csl Gg4]} 26. h3 Ne7 27. Bxb7 Rxb7 28.
Qa2 Qe6 29. Qa8 Qc8 30. Qa6 Rb8 31. Kf1 Qxa6 32. Rxa6 Kf6 33. d4 Ke6 34. d5+
Kd7 35. Ke2 f5 {standard Spanish break. The weakness of e4 and later f4 will
considerably lighten the defensive load.} 36. f3 fxe4 37. fxe4 Ng8 $1 {[%cal
Gg8f6,Gh5h4,Gf6h5,Gh5f4]} 38. Ra5 (38. g4 $6 hxg4 39. hxg4 Nf6 40. Kd3 Rh8 $132
) 38... Nf6 39. Kd3 h4 40. Ra1 Nh5 41. Rf1 Nf4+ 42. Kc2 Ra8 43. Kb3 Ke7 {
I can't help feeling that after black's excellent defence that if anyone has a
'moral edge' it is him. Still, there is little to be done.} 44. Rc1 Kd7 45. Rf1
Ke7 46. Rc1 Kd7 1/2-1/2

[Event "FIDE GP"]
[Site "Moscow"]
[Date "2002.06.03"]
[Round "3.2"]
[White "Bareev, Evgeny"]
[Black "Khalifman, Alexander"]
[Result "0-1"]
[WhiteElo "2724"]
[BlackElo "2698"]
[Annotator "Stohl,I"]
[PlyCount "118"]
[EventDate "2002.06.01"]
[EventType "k.o. (rapid)"]
[EventRounds "5"]
[EventCountry "RUS"]
[SourceTitle "CBM 090"]
[Source "ChessBase"]
[SourceDate "2002.09.20"]
[SourceVersion "1"]
[SourceVersionDate "2002.09.20"]
[SourceQuality "1"]

1. d4 Nf6 2. c4 g6 3. g3 Bg7 4. Bg2 O-O 5. Nc3 d6 6. Nf3 Nc6 7. O-O a6 8. h3 e5
$5 (8... Rb8 9. e4 b5 10. e5 dxe5 11. dxe5 Qxd1 12. Rxd1 Nd7 13. e6 fxe6 14.
cxb5 axb5 15. Bf4 $44 {is not everyone's cup of coffee, but the most popular
move currently is}) (8... Bd7) 9. d5 Ne7 10. e4 (10. c5 Ne8 $5 11. cxd6 Nxd6
12. e4 c6 13. Re1 Re8 14. g4 h6 15. Qb3 Bd7 16. Be3 cxd5 17. Bb6 Qb8 18. Nxd5
Nxd5 19. exd5 Nb5 20. Rac1 Qd6 21. Bc5 Qf6 22. Nd2 h5 23. Ne4 Qh4 24. gxh5 Qxh5
25. Nd6 Nxd6 26. Bxd6 Rac8 $13 {1/2,Sergeev,V-Folk,P/CZE-chT/1997/}) 10... b5
$5 {Without the moves h3 and a6 this position can arise from the 7...e5 line.
Here Black makes use of his "extra" move.} 11. Qe2 $146 {White protects both
his [+]P, but the position of his Q has other drawbacks.} (11. cxb5 axb5 12. b4
Bd7 $142 (12... c6 13. dxc6 Nxc6 14. Rb1 Be6 15. a3 Bc4 16. Re1 Ne8 (16... Qc7
17. Bb2 Rfd8 18. Qc2 Qb6 19. Nd2 Be6 20. Nd5 Bxd5 21. exd5 Nd4 22. Qd3 Rdc8 23.
Nb3 Nxb3 24. Qxb3 Nd7 25. Rbc1 $36 {[%csl Rc6][%cal Gc1c8] ><c6,<->c,Bagaturov,
G-Zimmerman,Y/Kobanya/1992/}) 17. Bb2 Nc7 18. Bf1 Rc8 19. Kg2 f5 20. exf5 gxf5
21. Nxb5 $1 Bxf1+ 22. Rxf1 Nxb5 23. Qd5+ Rf7 24. Qxb5 e4 25. Nh4 Bxb2 26. Rxb2
Ne5 $14 {/<=>,Lopushnoy,D-Shomoev,A/Tula/1999/}) 13. Qd3 (13. Qe2 $6 Nfxd5 14.
exd5 e4 $15) 13... Qb8 {[%cal Yc7c6] /\c6~~}) (11. Re1 bxc4 12. Nd2 $5 (12. Qa4
h6 13. Qxc4 c6 $1 14. dxc6 Be6 15. Qa4 Qc8 16. Rd1 Rd8 17. Be3 Qxc6 18. Qxc6
Nxc6 19. Rac1 Rab8 20. b3 a5 21. Nd2 Nb4 22. Ba7 Rb7 23. Be3 Rbb8 24. Ba7 $11 {
1/2,Sakaev,K-Shchekachev,A/St. Petersburg/1998/}) 12... c6 (12... Ne8 13. Nxc4
Bd7 14. f4 Bb5 15. Qb3 $14 {Cech,P-Lilja,R/Copenhagen/2002/}) 13. Nxc4 $5 (13.
dxc6 Nxc6 14. Nxc4 Nd4 $132) 13... cxd5 14. exd5 Nf5 (14... a5 $5) 15. b3 {
[%cal Rc1a3] /\Ba3+/=}) (11. Nd2 c6 12. dxc6 (12. b3 $5 $11) 12... Nxc6 13. b3
Rb8 14. Bb2 Be6 15. Nd5 Nd4 $1 16. Kh1 Qd7 17. Kh2 Rfc8 18. Rc1 Qd8 19. Ba1 Nd7
20. Re1 h5 21. Bxd4 exd4 22. Nf3 bxc4 23. bxc4 Bxd5 24. exd5 Qf6 $15 {Fominyh,
A-Tkachiev,V/FIDE WCh Groningen/1997/}) 11... c6 (11... bxc4 12. Qxc4 c6 13.
dxc6 Be6 14. Qa4 Qc8 15. Rd1 Rd8 16. Ng5 $14) ({Less risky, but also less
enterprising is} 11... b4 $5 12. Nd1 (12. Nb1 a5 13. a3 Rb8 $13) 12... c5 $5
$11) 12. dxc6 Nxc6 $6 (12... bxc4 13. Qxc4 {-11...bc4}) 13. Rd1 (13. cxb5 $142
$1 axb5 (13... Nd4 14. Nxd4 exd4 15. e5 dxe5 16. Bxa8 Bxh3 17. Bg2 Bxg2 18.
Kxg2 dxc3 19. bxa6 Qa8+ 20. Kg1 Nd5 21. Rb1 $5 $16) 14. Nxb5 Ba6 15. a4 d5 $5
$14 {<=>[+]} (15... Na7 16. Be3 $16)) 13... bxc4 14. Qxc4 Bb7 15. Qb3 Rb8 16.
Qa3 Na5 $5 (16... Ne8 17. Be3 $16) 17. Bg5 $6 {White wants to avoid
complications, but now his Q will be in danger.} (17. Rxd6 $142 Qe7 18. b3 $1 (
18. Nd2 Rbd8 19. Rxd8 Qxa3 20. bxa3 Rxd8 $132) (18. Nxe5 $5 Qxe5 (18... Ne8 19.
Rxg6 Qxa3 20. Rxg7+ Nxg7 21. bxa3 $16) 19. Bf4 Qh5 20. Rxf6 Bxf6 (20... Rbd8
21. Rf5 $5 gxf5 22. Qxa5 $16) 21. g4 Nc4 22. Qxf8+ Rxf8 23. gxh5 Nxb2 $44)
18... Nxe4 (18... Rfc8 19. Bb2 Bf8 20. Rxf6 Qxa3 21. Bxa3 Bxa3 22. Nd5 Kg7 23.
Rb6 $14 {/\} (23. Nxe5 $6 Bxd5 24. Rxa6 Ra8 $1 25. Rxa5 Rxa5 26. exd5 Bb2 $15)
23... Bc5 24. b4 Bxb6 25. Nxb6) 19. Nxe4 Bxe4 20. Rxa6 Qb7 21. Qxa5 Bxf3 22.
Bxf3 Qxf3 23. Bb2 $14) (17. Nxe5 Nxe4 18. Nxe4 Bxe5 19. Qd3 Re8 $132) 17... Nc4
18. Qb4 Bd5 $1 19. Bxf6 $6 (19. Qa4 $142 Nxb2 20. Qa3 Be6 (20... Nc4 21. Qxa6
Rb6 22. Qa4 Be6 23. Nd5 $14) (20... Nxd1 21. Nxd5 Nb2 22. Rc1 $36 {+/-}) 21.
Rxd6 Nc4 22. Rxd8 Nxa3 $11) 19... Bxf6 20. Qxb8 $2 {White panics and loses
without a fight.} (20. Qa4 Nxb2 21. Qa3 (21. Qxa6 $2 Bc4 $17) 21... Be6 (21...
Nxd1 22. Nxd5 Nb2 23. Rc1 Bg5 24. Rc6 Bh6 25. Bf1 $13 {פb2}) 22. Rxd6 Nc4 $11
{/=/+}) 20... Qxb8 21. Nxd5 Bd8 22. Nd2 (22. b3 $142 Nb6 23. Nb4 Qb7 24. Rac1
$17 {/=/+}) 22... Nb6 23. Nc3 (23. Nxb6 Bxb6 24. Nc4 Bd4 {/\f5->-+}) (23. Nb4
Na4 $17) 23... Bg5 24. Nf3 Bh6 $17 25. b3 Rc8 26. Rd3 Rc5 27. a4 $6 (27. Rad1
Qc7 28. Nd5 $17) 27... Qc8 28. Ne2 d5 $1 $19 {After this break White's
position is hopeless, as Black is without weaknesses and he has no <=>.} 29.
Rad1 (29. exd5 $2 e4 $19) 29... d4 30. b4 Rc2 31. Nxe5 Rxe2 32. Rxd4 Qc3 33. a5
Re1+ (33... Na4 $142 $1 $19) 34. Rxe1 Qxe1+ 35. Bf1 Na4 36. b5 axb5 37. a6 Qa5
38. Rd6 Kf8 (38... Kg7 39. Rd7 Qxa6 40. Nxf7 Nc5 $19) 39. Rf6 Bg7 40. Rxf7+ Kg8
41. Re7 Bxe5 42. Rxe5 (42. a7 $142 Kf8 43. Rxe5 Qxa7 44. Rxb5 (44. Bxb5 Nc3 {
/\Nd1-+}) 44... Nc3 45. Rb3 Nxe4 46. Re3 Qd4 $19 {would require more precision
from Black, now he wins more material.}) 42... Nc3 43. Rc5 Nxe4 44. Rxb5 Qe1
45. Rb2 (45. Rb8+ Kg7 46. Rb7+ Kf6 47. Rb6+ Ke7 48. Rb7+ Ke6 49. Rb6+ Ke5 50.
Rb5+ Kd4 $19) 45... Nd2 46. Rxd2 Qxd2 47. h4 (47. a7 $2 Qa5) 47... Kg7 48. Kg2
Qd4 49. Be2 Kf6 {Black's K marches on to e1.} 50. Bf3 Ke5 51. Be2 Kd5 52. Bf3+
(52. Kf1 Qa1+ 53. Kg2 Kd4 54. Kf3 Qa3+ 55. Kg2 Kc3 $19) 52... Kc4 53. Bb7 Kd3
54. Kf3 (54. Kf1 Qa1+ 55. Kg2 Ke2 $19) 54... Kd2 55. Kg2 Ke2 56. f4 Qf2+ 57.
Kh3 h5 58. Bg2 Qb6 59. Bb7 Kf2 (59... Kf2 60. Kh2 Qb1 61. Kh3 Qg1 {/\Qg3#}) 0-1

[Event "FIDE GP"]
[Site "Moscow"]
[Date "2002.06.04"]
[Round "4.4"]
[White "Kasparov, Garry"]
[Black "Khalifman, Alexander"]
[Result "1-0"]
[WhiteElo "2838"]
[BlackElo "2698"]
[Annotator "Wedberg,T"]
[PlyCount "45"]
[EventDate "2002.06.01"]
[EventType "k.o. (rapid)"]
[EventRounds "5"]
[EventCountry "RUS"]
[SourceTitle "CBM 090"]
[Source "ChessBase"]
[SourceDate "2002.09.20"]
[SourceVersion "1"]
[SourceVersionDate "2002.09.20"]
[SourceQuality "1"]

{[%mdl 4] Kasparov energetically takes Khalifmans opening choice to pieces.
It´s only a rapid game, but the theoretical content wasn´t found at the board
- that´s for sure.} 1. e4 e5 2. Nf3 Nc6 3. Bb5 Nd4 4. Nxd4 exd4 5. O-O c6 6.
Bc4 d5 7. exd5 cxd5 8. Bb5+ Bd7 9. Re1+ Ne7 10. c4 $5 {Excellent move!} (10.
Bxd7+ Qxd7 11. Qh5 $5 {also promises White chances.} Rc8 (11... O-O-O $5 12.
Qxf7 Nc6 13. Qxd7+ Kxd7 14. d3 Nb4 15. Na3 Rc8 16. Bf4 Nxc2 17. Nxc2 Rxc2 18.
Be5 $14 {0-1 Rozentalis,E-Guseinov,A/Klaipeda 1988/CBM 11 (33)}) 12. d3 $5 Rc6
(12... Rxc2 13. Na3 Rc6 14. Bf4 $36) 13. Nd2 g6 14. Qh4 Bg7 15. Nf3 Re6 16.
Rxe6 fxe6 17. Nxd4 $16 {1-0 Magem Badals,J-Garcia Padron,J/Cordoba 1995/EXT
2000 (66)}) (10. a4 a6 11. Bxd7+ Qxd7 12. d3 O-O-O 13. b4 Nf5 14. b5 a5 15. Bd2
(15. Bf4 f6 16. b6 Bc5 17. Bc7 $14 {1-0 Zagorovsky,V-Dubinin,P/Leningrad 1949/
MCD (35)}) 15... b6 16. c3 Bc5 17. cxd4 Nxd4 18. Be3 Rhe8 19. Nd2 Kb7 $13 {
1/2-1/2 Kasparov,G-Khalifman,A/Moscow 2002/CBM 90_01 (73)}) 10... a6 $146 {
New, but it doesn´t solve Black´s problems.} (10... Rc8 11. d3 Bxb5 12. cxb5
Qd7 13. Na3 f6 14. Nc2 Qxb5 15. Nxd4 $16 {[%csl Re6,Re8] 1/2-1/2 Luther,T-Klip,
H/Pardubice 1999/EXT 2000 (31)}) (10... dxc3 11. Bxd7+ Qxd7 12. dxc3 $16 {
[%csl Rd5]}) (10... dxc4 11. Bxc4 $16 {[%csl Rf7]}) (10... Bxb5 11. cxb5 Qd7
12. d3 Qxb5 13. Na3 Qd7 14. Nc2 $16) 11. Bxd7+ Qxd7 12. d3 O-O-O $6 {White has
a P-majority on a-b-c and Black has weakened himself with a6. This makes 0-0-0
very risky for Black, but there were no easy alternatives since 0-0 was almost
impossible to achieve.} (12... g6 13. Bg5 $16) (12... f6 $5 {[%cal Ye8f7]
planning Kf7, but it doesn´t look quite reliable.}) (12... h6 13. Nd2 g6 14.
cxd5 Qxd5 15. Nc4 Rd8 16. Bf4 $16) 13. Nd2 Kb8 14. b4 $1 {White has an easy
game. The attack rolls almost by itself.} dxc4 15. dxc4 {[%cal Yc4d5,Ya2a4,
Yb4b5,Ya4a5][%mdl 16] Keeping control over d5 and securing a successful
P-break on the Q-side.} (15. Nxc4 Nd5 $14) 15... Nc6 16. b5 axb5 17. cxb5 Nb4
18. Nc4 Qf5 (18... Qxb5 19. Bf4+ Ka7 20. Ne5 Qd5 21. Qa4+ Na6 22. Rab1 $40 {
[%cal Yb1b5,Ye1b1]}) 19. Re5 Qc2 20. Bf4 $1 $18 {White´s attack is not
impaired by an exchange of Q:s.} Qxd1+ 21. Rxd1 Ka8 22. a3 f6 (22... Nc2 23. b6
$18) 23. axb4 $1 1-0

[Event "FIDE GP"]
[Site "Moscow"]
[Date "2002.06.05"]
[Round "5.1"]
[White "Khalifman, Alexander"]
[Black "Beliavsky, Alexander G"]
[Result "1-0"]
[WhiteElo "2698"]
[BlackElo "2661"]
[Annotator "Atlas,V"]
[PlyCount "65"]
[EventDate "2002.06.01"]
[EventType "k.o. (rapid)"]
[EventRounds "5"]
[EventCountry "RUS"]
[SourceTitle "CBM 090"]
[Source "ChessBase"]
[SourceDate "2002.09.20"]
[SourceVersion "1"]
[SourceVersionDate "2002.09.20"]
[SourceQuality "1"]

1. d4 Nf6 2. c4 e6 3. Nf3 d5 4. Nc3 Be7 5. Bg5 h6 6. Bh4 O-O 7. e3 b6 8. Be2
Bb7 9. Bxf6 Bxf6 10. cxd5 exd5 11. b4 c6 12. O-O a5 13. b5 c5 14. Ne5 Bxe5 15.
dxe5 d4 16. exd4 cxd4 17. Na4 Ra7 18. f4 Qd5 19. Rf2 Nd7 20. Rc1 Rc8 21. Rxc8+
Bxc8 22. Qc2 Bb7 23. Bc4 Qe4 24. Qxe4 Bxe4 25. Rd2 Nc5 26. Nxb6 d3 27. Nc8 Rc7
28. Nd6 Ba8 29. b6 Rc6 30. Bd5 Rxd6 31. exd6 Bxd5 {[%tqu "En","How should
White continue?","Passed pawns are what counts in this position.  Help them to
go forward!","Use your rook for the decisive strike","d2d3","This powerful
blow decides the game.",5]} 32. Rxd3 $1 {[%csl Rc5,Rd5][%cal Gd6d7,Gb6b7]} Be6
({The rook is invulnerable:} 32... Nxd3 33. d7 {, and Black cannot prevent
pawn promotion.}) 33. d7 $1 {[%csl Rc5,Re6][%cal Gb6b7,Gd3d5] The most
convincing way to conclude the game, although 33.Rc3 or 33.f5 were winning
contnunations as well. Black resigned, as after} (33. d7 Nxd7 (33... Bxd7 34.
Rd5 $18) 34. Rxd7 Bxd7 35. b7 {he cannot stop the pawn.}) 1-0